Missing Word: Nirvana and Rihanna Quiz Stats

 Plays Quiz Updated Apr 19, 2019

Score 0/10 Timer 01:30
0 Plays Today
Nirvana Song Missing Word % Correct
About a _____Girl
95.5%
Something in the _____Way
89.5%
_____ Did You Sleep Last NightWhere
88.3%
The _____ Who Sold the WorldMan
87.4%
I _____ Myself and Want to DieHate
83.7%
_____ BuzzLove
72.1%
Lake of _____Fire
49.4%
Big Long _____Now
44.3%
You Know You're _____Right
41.6%
_____ to MeTalk
33.5%

Today's Daily Dose

Missing Word
Celine Dion

Word Ladder
Dr. Seuss Books

Quick Pick
Cities in India

Get the Picture
'A' Actresses

You're not logged in!

Compare scores with friends on all Sporcle quizzes.
OR
Log In

Sporcle TV

Today on Sporcle TV


Watch our educational content, quiz creation guides, and fun videos on Sporcle TV.

Show Comments

Extras

Top Quizzes Today


Score Distribution

Your Account Isn't Verified!

In order to create a playlist on Sporcle, you need to verify the email address you used during registration. Go to your Sporcle Settings to finish the process.

Report this User

Report this user for behavior that violates our Community Guidelines.

Details: